[Event "Morava-ch U16"]
[Site "Bystrice nad Pernstejnem"]
[Date "2024.11.01"]
[Round "9"]
[White "Smekal, Lukas"]
[Black "Chauvin, Leon"]
[Result "0-1"]
[WhiteElo "1862"]
[BlackElo "1466"]
[PlyCount "46"]
[EventDate "2024.10.26"]
[EventType "swiss"]
[EventRounds "9"]
[EventCountry "CZE"]
[SourceTitle "CB45_2024"]
[Source "ChessBase"]
[SourceDate "2024.11.06"]
[SourceVersion "1"]
[SourceVersionDate "2024.11.06"]
[SourceQuality "1"]

1. e4 e5 2. Nf3 Nc6 3. Bc4 Bc5 4. c3 Nf6 5. d3 0-0 6. 0-0 h6 7. h3 d6 8. a4 a5 9. Be3 Bxe3 10. fxe3 Bd7 11. Nbd2 Ne7 12. Nh4 c6 13. Nf5 Bxf5 14. exf5 d5 15. Bb3 Qd7 16. e4 Rad8 17. Rf2 Qc7 18. Qe2 Rd7 19. Nf3 dxe4 20. dxe4 Nc8 21. Kh1 Nd6 22. Nxe5 Ndxe4 23. Nxd7 Ng3+ 0-1

[Event "Morava-ch U16"]
[Site "Bystrice nad Pernstejnem"]
[Date "2024.10.30"]
[Round "6"]
[White "Pistek, Zdenek"]
[Black "Chauvin, Leon"]
[Result "1-0"]
[WhiteElo "1514"]
[BlackElo "1466"]
[PlyCount "59"]
[EventDate "2024.10.26"]
[EventType "swiss"]
[EventRounds "9"]
[EventCountry "CZE"]
[SourceTitle "CB45_2024"]
[Source "ChessBase"]
[SourceDate "2024.11.06"]
[SourceVersion "1"]
[SourceVersionDate "2024.11.06"]
[SourceQuality "1"]

1. e4 e5 2. Nf3 Nc6 3. Bb5 a6 4. Ba4 Nf6 5. d4 exd4 6. 0-0 b5 7. Bb3 Be7 8. e5 Ng4 9. Re1 d6 10. Bd5 Bd7 11. Nxd4 Ngxe5 12. f4 Nxd4 13. Bxa8 Nec6 14. Bxc6 Nxc6 15. Nc3 0-0 16. Nd5 Be6 17. Nxe7+ Nxe7 18. Qf3 Bd5 19. Qf2 c5 20. f5 f6 21. b3 Qd7 22. g4 Nc6 23. Bb2 Nb4 24. a3 Nc6 25. Rad1 Bf7 26. Qxc5 Rd8 27. Qf2 h5 28. h3 hxg4 29. hxg4 g6 30. Bxf6 1-0

[Event "Morava-ch U16"]
[Site "Bystrice nad Pernstejnem"]
[Date "2024.10.28"]
[Round "4"]
[White "Zelenkova, Sofie"]
[Black "Chauvin, Leon"]
[Result "1-0"]
[WhiteElo "1763"]
[BlackElo "1466"]
[PlyCount "79"]
[EventDate "2024.10.26"]
[EventType "swiss"]
[EventRounds "9"]
[EventCountry "CZE"]
[SourceTitle "CB45_2024"]
[Source "ChessBase"]
[SourceDate "2024.11.06"]
[SourceVersion "1"]
[SourceVersionDate "2024.11.06"]
[SourceQuality "1"]

1. c4 e5 2. Nc3 Nc6 3. g3 Nf6 4. Bg2 Bc5 5. d3 h6 6. Nf3 d6 7. 0-0 0-0 8. Na4 Bb6 9. a3 Bd7 10. b4 Qc8 11. Re1 Bh3 12. Bh1 Ng4 13. Nxb6 axb6 14. Bb2 f5 15. Nh4 f4 16. Bd5+ Kh7 17. Be4+ Kg8 18. Ng6 fxg3 19. hxg3 Nxf2 20. Qb3 Nxe4 21. Nxf8 Nxg3 22. Kh2 Qg4 23. c5+ Kh8 24. Ng6+ Kh7 25. Rg1 Qxg6 26. Kxh3 Qf5+ 27. Kxg3 Qg5+ 28. Kh2 Qf4+ 29. Rg3 Qf2+ 30. Rg2 Qf4+ 31. Kh1 Qh4+ 32. Kg1 Qf4 33. Rf1 Qe3+ 34. Rff2 Rf8 35. Kf1 Rxf2+ 36. Rxf2 Qh3+ 37. Ke1 Qg3 38. Qf7 Qg1+ 39. Rf1 Qg3+ 40. Qf2 1-0

[Event "Stare Mesto Slovacky op"]
[Site "Stare Mesto"]
[Date "2024.08.05"]
[Round "1"]
[White "Krajicek, Matej"]
[Black "Chauvin, Leon"]
[Result "1-0"]
[WhiteElo "1866"]
[BlackElo "1450"]
[PlyCount "65"]
[EventDate "2024.08.05"]
[EventType "swiss"]
[EventRounds "9"]
[EventCountry "CZE"]
[SourceTitle "EXT 2025"]
[Source "ChessBase"]
[SourceDate "2024.10.14"]
[SourceVersion "1"]
[SourceVersionDate "2024.10.14"]
[SourceQuality "1"]

1. e4 c5 2. c3 e5 3. Nf3 d6 4. Bb5+ Bd7 5. Bxd7+ Nxd7 6. 0-0 Ngf6 7. d4 Be7 8. Re1 h6 9. Nbd2 0-0 10. d5 Nb6 11. c4 Nfd7 12. Qc2 a5 13. a4 Nb8 14. Nf1 Na6 15. Ng3 Nb4 16. Qe2 Nd7 17. Nf5 Kh7 18. Ra3 Ra6 19. h4 Rh8 20. g4 Kg8 21. Kg2 Nf6 22. g5 hxg5 23. Bxg5 g6 24. Nxe7+ Qxe7 25. Nh2 Nfxd5 26. Bxe7 Nf4+ 27. Kg3 Nxe2+ 28. Rxe2 Kh7 29. Rd2 Re8 30. Bg5 Rf8 31. Rf3 Kg7 32. Rf6 Rd8 33. Rxf7+ 1-0